[Event "Ct. Catalunya eq DH"]
[Site "?"]
[Date "2013.02.16"]
[Round "5.3"]
[White "Torrecillas Martinez, A."]
[Black "Lillo Castany, V."]
[Result "1/2-1/2"]
[WhiteElo "2431"]
[BlackElo "2359"]
[PlyCount "152"]
[EventDate "2013.??.??"]
[EventType "tourn"]
[EventRounds "11"]

1. e4 e5 2. Nf3 Nc6 3. Bb5 f5 4. d3 fxe4 5. dxe4 Nf6 6. O-O Bc5 7. Qd3 Nd4 8.
Bc4 Nxf3+ 9. Qxf3 d6 10. Nc3 Bg4 11. Qd3 Qd7 12. Bg5 c6 13. Rab1 Bb6 14. b4 Be6
15. Bxf6 gxf6 16. Rfd1 Rd8 17. a4 O-O 18. a5 Bc7 19. Bxe6+ Qxe6 20. Qe3 b6 21.
b5 d5 22. bxc6 d4 23. Qg3+ Kh8 24. Nd5 Qxc6 25. c3 bxa5 26. cxd4 Bb6 27. dxe5
f5 28. Rdc1 Qe6 29. Nxb6 axb6 30. exf5 Rxf5 31. f4 Qa2 32. Rxb6 Rg8 33. Qh3 Qd2
34. Rbb1 Rxf4 35. Kh1 Rh4 36. Qf3 Rf4 37. Qc6 Rf2 38. Rg1 a4 39. e6 a3 40. e7
Qe3 41. Rbe1 Re2 42. Rxe2 Qxe2 43. Qc3+ Rg7 44. Qc8+ Rg8 45. Qc3+ Rg7 46. Qxa3
Qxe7 47. Qc3 Qc7 48. Qd4 Qd7 49. Qe5 Qe7 50. Qb8+ Rg8 51. Qb2+ Qg7 52. Qe2 Qg4
53. Qf2 Qd7 54. Rc1 Qg7 55. h3 Qe5 56. Re1 Qg3 57. Qd4+ Qg7 58. Qd5 Qg5 59. Qb7
Qf6 60. Qe4 Qg6 61. Qd5 Qg5 62. Qc6 Qg7 63. Re6 Qa1+ 64. Kh2 Qg7 65. Re3 Qg5
66. Qc3+ Qg7 67. Qxg7+ Kxg7 68. Rg3+ Kf7 69. Rxg8 Kxg8 70. Kg3 Kg7 71. Kf4 Kf6
72. g4 Kg6 73. h4 Kf6 74. Ke4 Ke6 75. g5 h6 76. g6 h5 1/2-1/2

[Event "Ct. Catalunya eq DH"]
[Site "?"]
[Date "2013.02.16"]
[Round "5.4"]
[White "Baños, OF."]
[Black "Perpinya Rofes, LM."]
[Result "0-1"]
[WhiteElo "2314"]
[BlackElo "2439"]
[PlyCount "64"]
[EventDate "2013.??.??"]
[EventType "tourn"]
[EventRounds "11"]

1. d4 Nf6 2. c4 g6 3. Nc3 Bg7 4. e4 d6 5. Bd3 O-O 6. Nge2 c5 7. d5 e6 8. O-O
exd5 9. cxd5 Na6 10. f3 Nc7 11. Be3 b5 12. a3 Re8 13. Qd2 Nd7 14. b4 a5 15.
bxc5 Nxc5 16. Rab1 b4 17. axb4 Nxd3 18. Qxd3 axb4 19. Rxb4 Ba6 20. Qb1 Bxc3 21.
Nxc3 Bxf1 22. Qxf1 Ra3 23. Bd4 Qa8 24. Nb5 Nxb5 25. Qxb5 Rc8 26. h3 Ra2 27. Qb6
Rd2 28. Kh2 Qa3 29. Rb2 Qxf3 30. Rxd2 Qf4+ 31. Kh1 Qxd2 32. Bg1 Rc2 0-1

[Event "Ct. Catalunya eq DH"]
[Site "?"]
[Date "2013.02.16"]
[Round "5.4"]
[White "Bergez, L."]
[Black "Pham Guerrero, S."]
[Result "1/2-1/2"]
[WhiteElo "2418"]
[BlackElo "2295"]
[PlyCount "84"]
[EventDate "2013.??.??"]
[EventType "tourn"]
[EventRounds "11"]

1. e4 c5 2. Nf3 d6 3. Bc4 Nc6 4. O-O Nf6 5. Re1 e5 $2 6. Ng5 Be6 7. Nxe6 fxe6
8. Bxe6 $16 Qe7 9. Bh3 g5 10. c3 Qf7 11. d3 Rg8 12. Bf5 Ne7 13. Qa4+ Kd8 14. d4
Nxf5 15. exf5 Nd7 16. Nd2 Be7 (16... Qxf5 $2 17. Qb3) 17. dxe5 (17. Nc4 $142
$18) 17... Nxe5 $16 18. Qe4 Bf6 19. Nf1 Re8 20. Bxg5 Bxg5 21. f4 Bf6 22. fxe5
Bxe5 23. Qf3 Kc7 24. Ne3 Rac8 25. Ng4 Bh8 26. f6 Kb8 27. Qf4 h5 28. Qxd6+ Ka8
29. Re7 Qf8 30. Qd7 Rb8 31. Rxe8 $6 (31. Rae1 Red8 32. Qe6 hxg4 33. f7 $18)
31... Rxe8 32. Rd1 $6 (32. f7 Re7 33. Qd5 Rxf7 (33... hxg4 34. Rd1) 34. Qxh5
$18) 32... hxg4 33. f7 Rb8 34. Re1 Qh6 35. Qxg4 Bg7 36. Qf3 $6 (36. h4 $18)
36... a6 $16 37. h3 Ka7 38. Re8 Bf8 39. Qd5 $2 (39. g4 $14) 39... Qc1+ $11 40.
Kh2 Qf4+ 41. Kg1 Qc1+ 42. Kh2 Qf4+ 1/2-1/2

[Event "Ct. Catalunya eq DH"]
[Site "?"]
[Date "2013.02.16"]
[Round "5.4"]
[White "Libiszewski, F."]
[Black "Rodriguez Cespedes, A."]
[Result "1/2-1/2"]
[WhiteElo "2505"]
[BlackElo "2472"]
[PlyCount "53"]
[EventDate "2013.??.??"]
[EventType "tourn"]
[EventRounds "11"]

1. c4 e5 2. g3 Nf6 3. Bg2 Nc6 4. Nc3 Bb4 5. Nd5 Bc5 6. d3 Nxd5 7. cxd5 Ne7 8.
e3 d6 9. Ne2 O-O 10. O-O Bb6 11. b3 Bd7 12. d4 exd4 13. Nxd4 Qc8 14. Bb2 Bh3
15. Bxh3 Qxh3 16. Qf3 Bxd4 17. Bxd4 Nf5 18. Rfd1 Rfe8 19. Qg2 Qxg2+ 20. Kxg2
Ne7 21. Bb2 a5 22. Rac1 Rec8 23. Rc4 f6 24. e4 Kf7 25. Rdc1 c6 26. dxc6 Rxc6
27. Ba3 1/2-1/2

[Event "Ct. Catalunya eq DH"]
[Site "?"]
[Date "2013.02.16"]
[Round "5.4"]
[White "Obon Temprano, S."]
[Black "Vehi Bach, VM."]
[Result "0-1"]
[WhiteElo "2362"]
[BlackElo "2370"]
[PlyCount "100"]
[EventDate "2013.??.??"]
[EventType "tourn"]
[EventRounds "11"]

1. e4 c5 2. Nf3 e6 3. d4 cxd4 4. Nxd4 Nf6 5. Nc3 d6 6. Bd3 a6 7. O-O Nbd7 8.
Be3 Qc7 9. a4 b6 10. f3 Be7 11. Qe1 O-O 12. Qg3 Re8 13. f4 Bb7 14. Rae1 Bf8 15.
Bd2 Nc5 16. Kh1 g6 17. f5 Bg7 18. fxe6 fxe6 19. Nb3 Nxd3 20. cxd3 Nh5 21. Qg4
Bc6 22. Rc1 Qd7 23. Ra1 b5 24. axb5 Bxb5 25. Qh3 Rab8 26. Nxb5 Rxb5 27. d4 Qb7
28. Na5 Qxe4 29. Bc3 Rf5 30. Nc4 Rxf1+ 31. Rxf1 Qe2 32. Ne3 Nf6 33. Re1 Qd3 34.
Qh4 Ne4 35. Rd1 Qxe3 36. Re1 Rf8 37. h3 Nf2+ 38. Kh2 Qf4+ 39. Qxf4 Rxf4 40.
Rxe6 Rf6 41. Re8+ Rf8 42. Re6 Rd8 43. Ba5 Rd7 44. Bb6 Nd3 45. Kg3 Kf7 46. Re2
Rb7 47. Bd8 Bxd4 48. Kg4 Bxb2 49. Rd2 Ne5+ 50. Kg3 Ke6 0-1

[Event "Ct. Catalunya eq DH"]
[Site "?"]
[Date "2013.02.16"]
[Round "5.4"]
[White "Vila Gazquez, X."]
[Black "Ayas Fernandez, A."]
[Result "1-0"]
[WhiteElo "2490"]
[BlackElo "2356"]
[PlyCount "101"]
[EventDate "2013.??.??"]
[EventType "tourn"]
[EventRounds "11"]

1. e4 e6 2. d3 d5 3. Nd2 c5 4. g3 Bd6 5. Bg2 Ne7 6. Ngf3 Nbc6 7. O-O O-O 8. Re1
f6 9. c3 Kh8 10. d4 cxd4 11. cxd4 dxe4 12. Nxe4 Bb4 13. Bd2 b6 14. Bxb4 Nxb4
15. Qb3 a5 16. Nc3 Nbd5 17. Rad1 Bd7 18. Bh3 a4 19. Qa3 b5 20. Nxd5 Nxd5 21.
Bxe6 Bxe6 22. Rxe6 b4 23. Qd3 a3 24. Rb1 axb2 25. Rxb2 Ra3 26. Qe4 Nc7 27. Rc6
Re8 28. Qf5 Nd5 29. Rc5 Ne7 30. Qe4 Qa8 31. Qxa8 Rexa8 32. Kg2 Rxa2 33. Rxb4
Kg8 34. Rb7 R2a7 35. Rcc7 Rxb7 36. Rxb7 Kf7 37. Nd2 Rd8 38. Nb3 h5 39. h4 g5
40. hxg5 fxg5 41. Kf3 Kf6 42. Rb6+ Kf5 43. Rh6 g4+ 44. Ke2 Kg5 45. Re6 Nf5 46.
Kd3 h4 47. gxh4+ Nxh4 48. Re5+ Kg6 49. Re4 Kf5 50. Nc5 Nf3 51. Ke3 1-0

[Event "Ct. Catalunya eq DH"]
[Site "?"]
[Date "2013.02.16"]
[Round "5.4"]
[White "Vives Esmerat, J."]
[Black "Granados Gomez, M."]
[Result "0-1"]
[WhiteElo "2367"]
[BlackElo "2430"]
[PlyCount "88"]
[EventDate "2013.??.??"]
[EventType "tourn"]
[EventRounds "11"]

1. e4 e5 2. Nf3 Nc6 3. d4 exd4 4. Bc4 Nf6 5. e5 d5 6. Bb5 Ne4 7. Nxd4 Bd7 8.
Bxc6 bxc6 9. O-O Bc5 10. Be3 Bb6 11. f3 Ng5 12. Qd2 h6 13. Nb3 Qe7 14. Nc3 Ne6
15. f4 g6 16. Qf2 Ng7 17. Bc5 Ne6 18. Na4 Nxc5 19. Nbxc5 Bf5 20. Rfe1 O-O 21.
Rad1 h5 22. Rd2 Rfd8 23. Qd4 Rab8 24. Rde2 Re8 25. Re3 Bxc2 26. b3 Ba5 27. R1e2
Rb4 28. Qa1 Bf5 29. e6 fxe6 30. Qc1 Qf7 31. Re5 Bg4 32. Rf2 Rd4 33. Nb2 Bb6 34.
h3 Bf5 35. Nba4 Qe7 36. Nxb6 cxb6 37. Nxe6 Bxe6 38. f5 gxf5 39. Rxe6 Qxe6 40.
Qg5+ Kh7 41. Qxh5+ Kg7 42. Rxf5 Rd1+ 43. Kh2 Qd6+ 44. g3 Rd2+ 0-1

[Event "Ct. Catalunya eq DH"]
[Site "?"]
[Date "2013.02.16"]
[Round "5.5"]
[White "Camacho Collados, J."]
[Black "Castelltort Fernandez, A."]
[Result "1-0"]
[WhiteElo "2345"]
[BlackElo "2348"]
[PlyCount "115"]
[EventDate "2013.??.??"]
[EventType "tourn"]
[EventRounds "11"]

1. Nf3 f5 2. e4 fxe4 3. Ng5 Nf6 4. d3 e5 5. dxe4 Bc5 6. Bc4 Qe7 7. Bf7+ Kf8 8.
Bb3 h6 9. Nf3 g6 10. Qe2 Kg7 11. Be3 Bxe3 12. Qxe3 d6 13. Nc3 Be6 14. Nd5 Bxd5
15. exd5 Qf7 16. c4 Nbd7 17. O-O Ng4 18. Qe2 Rae8 19. Bc2 g5 20. Nh4 Qh5 21.
Nf5+ Kf8 22. h3 Ngf6 23. Qe3 a5 24. a3 g4 25. h4 e4 26. Nd4 Qxh4 27. Ne6+ Rxe6
28. dxe6 Ne5 29. Bxe4 Ke7 30. g3 Qh5 31. f4 gxf3 32. Bxf3 Qh3 33. Bg2 Qh5 34.
Rxf6 Kxf6 35. c5 Kxe6 36. cxd6 cxd6 37. Qb3+ Kf6 38. Rf1+ Kg5 39. Qe3+ Kg6 40.
Qe4+ Kg7 41. Qxb7+ Nf7 42. Qe7 Qc5+ 43. Rf2 Rf8 44. Qf6+ Kg8 45. b4 axb4 46.
axb4 Qg5 47. Qf3 Kg7 48. b5 Qe7 49. Qg4+ Ng5 50. Qd4+ Kg6 51. Rxf8 Qxf8 52. b6
Nf3+ 53. Bxf3 Qxf3 54. Qxd6+ Kh5 55. Qf4 Qd1+ 56. Kg2 Qe2+ 57. Kh3 Qb5 58. Qg4#
1-0

[Event "Ct. Catalunya eq DH"]
[Site "?"]
[Date "2013.02.16"]
[Round "5.5"]
[White "Escobar Torres, A."]
[Black "Asis Gargatagli, H."]
[Result "0-1"]
[WhiteElo "2230"]
[BlackElo "2513"]
[PlyCount "82"]
[EventDate "2013.??.??"]
[EventType "tourn"]
[EventRounds "11"]

1. Nf3 Nf6 2. c4 g6 3. b3 Bg7 4. Bb2 O-O 5. g3 d6 6. d4 c5 7. dxc5 Qa5+ 8. Qd2
Qxc5 9. Nc3 Qa5 10. Rd1 Nc6 11. Bg2 Ne4 12. Nxe4 Bxb2 13. Qxa5 Nxa5 14. O-O Nc6
15. Rd2 Bg7 16. Rc1 Rd8 17. Nc3 Bd7 18. Nd5 Rac8 19. e3 Kf8 20. Rcd1 Be8 21.
Ne1 e6 22. Nf4 Ke7 23. Ned3 Rc7 24. h4 h6 25. g4 Na5 26. h5 g5 27. Ne2 b5 28.
cxb5 Bxb5 29. Nb4 d5 30. Nd4 Bxd4 31. Rxd4 Nc6 32. Nxc6+ Bxc6 33. f4 f6 34.
fxg5 fxg5 35. R4d2 Rdc8 36. Kf2 Bb7 37. Bf1 Rf8+ 38. Kg3 Rc3 39. Bd3 d4 40. Rf2
dxe3 41. Rxf8 e2 0-1

[Event "Ct. Catalunya eq DH"]
[Site "?"]
[Date "2013.02.16"]
[Round "5.5"]
[White "Gallego Martinez, R."]
[Black "Grafl, F."]
[Result "0-1"]
[WhiteElo "2292"]
[BlackElo "2416"]
[PlyCount "86"]
[EventDate "2013.??.??"]
[EventType "tourn"]
[EventRounds "11"]

1. e4 d5 2. exd5 Qxd5 3. Nc3 Qd6 4. d4 Nf6 5. Nf3 a6 6. g3 Bg4 7. Bg2 Nc6 8.
Be3 O-O-O 9. O-O e5 10. dxe5 Nxe5 11. Qxd6 Bxd6 12. Nxe5 Bxe5 13. Rfe1 Rhe8 14.
h3 Bf5 15. Rac1 h5 16. f4 $6 (16. Ne2) 16... Bd4 $15 (16... Bxc3 17. bxc3 Ne4
18. Bxe4 Bxe4 19. Bd4 f6 $17) 17. Bxd4 Rxe1+ $11 18. Rxe1 Rxd4 19. Re2 c6 20.
Kf2 Kc7 21. Ke1 b5 22. Re7+ Rd7 23. Rxd7+ Kxd7 24. Kd2 g6 25. b4 Kc7 26. a3 Kb6
27. Nd1 Be4 28. Bf1 c5 29. Nf2 a5 30. c3 cxb4 31. cxb4 Bc6 32. Kc2 axb4 33.
axb4 Nd5 34. Kb3 h4 35. gxh4 Nxf4 36. Nd3 Nd5 37. Ne5 (37. Be2 Bd7 38. h5 gxh5
39. Bxh5 Be6 40. Nc5 Bxh3 41. Bxf7 $11) 37... Be8 $15 38. Nf3 f6 39. Nd4 Ne3
40. Bd3 Ng2 41. h5 gxh5 42. Bf5 $6 (42. Be4 Nf4 43. h4 $11) 42... Nf4 43. Ne6
$4 (43. Kc3 Nd5+ 44. Kb3 Bf7 45. h4 Ne3+ 46. Be6 Bg6 47. Kc3 Ng2 48. Nf3 Be8
49. Kd4) 43... Bf7 0-1

[Event "Ct. Catalunya eq DH"]
[Site "?"]
[Date "2013.02.16"]
[Round "5.5"]
[White "Panelo Muñoz, MA."]
[Black "Gual Pascual, A."]
[Result "1-0"]
[WhiteElo "2468"]
[BlackElo "2542"]
[PlyCount "87"]
[EventDate "2013.??.??"]
[EventType "tourn"]
[EventRounds "11"]

1. d4 g6 2. c4 Bg7 3. e4 d6 4. Nc3 e5 5. Be3 Nc6 6. Nge2 Nh6 7. d5 Ne7 8. f3 f5
9. Qd2 Nf7 10. O-O-O O-O 11. g3 a6 12. Kb1 Qe8 13. Nc1 Bd7 14. Nb3 b5 15. cxb5
axb5 16. Bd3 f4 17. gxf4 exf4 18. Bxf4 Ne5 19. Bxe5 Bxe5 20. Rhf1 b4 21. Ne2
Bh3 22. Rf2 Qa4 23. Nbc1 Qa7 24. Ng1 Bf4 25. Qe2 Bd7 26. Bc4 Nc8 27. Nd3 Be3
28. Rg2 Nb6 29. Qxe3 Nxc4 30. Qxa7 Rxa7 31. Rc1 Bb5 32. Nxb4 Ne5 33. Rc3 Kg7
34. a3 h6 35. Nc2 Bd3 36. Kc1 Bf1 37. Rd2 g5 38. Nd4 Rf7 39. Nge2 Ra4 40. Ng3
Bh3 41. f4 gxf4 42. Nh5+ Kg6 43. Rxh3 Kg5 44. Rg2+ 1-0

[Event "Ct. Catalunya eq DH"]
[Site "?"]
[Date "2013.02.16"]
[Round "5.5"]
[White "Rahal, M."]
[Black "Fernandez Cazorla, A."]
[Result "1-0"]
[WhiteElo "2433"]
[BlackElo "2303"]
[PlyCount "117"]
[EventDate "2013.??.??"]
[EventType "tourn"]
[EventRounds "11"]

1. e4 c5 2. Nf3 d6 3. Bb5+ Nd7 4. c3 Ngf6 5. d3 a6 6. Ba4 b5 7. Bc2 e5 8. O-O
Be7 9. a4 Bb7 10. Na3 O-O 11. Re1 Qb6 12. Bd2 Rfe8 13. h3 Bf8 14. Bg5 h6 15.
Bxf6 Nxf6 16. c4 b4 17. Nb1 g6 18. Nbd2 Nh5 19. Nf1 Nf4 20. Ne3 Qd8 21. Kh2 h5
22. Nd5 Bh6 23. a5 Nxd5 24. cxd5 Bc8 25. Nd2 Rf8 26. Nc4 f5 27. Nb6 Ra7 28.
Nxc8 Qxc8 29. d4 cxd4 30. Kg1 Raf7 31. f3 Kg7 32. Bd3 Qc5 33. Qc2 fxe4 34. Qxc5
dxc5 35. Rxe4 Kf6 36. Bxa6 b3 37. Bc4 Rb8 38. d6 Rd7 39. a6 Rxd6 40. Kf1 d3 41.
Ke1 d2+ 42. Kd1 Bf4 43. h4 Ke7 44. Ra3 Rd7 45. Rxb3 Rxb3 46. Bxb3 Ra7 47. Ra4
Kd6 48. Bc2 g5 49. hxg5 Bxg5 50. g3 Bh6 51. f4 exf4 52. gxf4 c4 53. Kxd2 Bxf4+
54. Kc3 Be5+ 55. Kxc4 Bxb2 56. Kb5 Bc1 57. Be4 Re7 58. a7 Re5+ 59. Ka6 1-0

[Event "Ct. Catalunya eq DH"]
[Site "?"]
[Date "2013.02.16"]
[Round "5.6"]
[White "Bofill Mas, A."]
[Black "Jose Abril, R."]
[Result "0-1"]
[WhiteElo "2417"]
[BlackElo "2397"]
[PlyCount "76"]
[EventDate "2013.??.??"]
[EventType "tourn"]
[EventRounds "11"]

1. c4 c5 2. g3 g6 3. Bg2 Bg7 4. Nc3 Nc6 5. Nf3 e5 6. O-O Nge7 7. a3 a5 8. Ne1
h5 9. h4 d6 10. d3 Bg4 11. Nc2 Nf5 12. Bg5 f6 13. Bd2 Bh6 14. Bxh6 Rxh6 15. f3
Nxg3 16. Qd2 Rh7 17. fxg4 Nxf1 18. Rxf1 hxg4 19. Nd5 f5 20. Qg5 Qxg5 21. hxg5
Kf7 22. Nf6 Rh4 23. Ne3 Kg7 24. Rxf5 gxf5 25. Nxf5+ Kg6 26. Nxh4+ Kxg5 27. Ne4+
Kxh4 28. Nxd6 Rf8 29. e3 Nd8 30. Bd5 b6 31. Kg2 Rf6 32. Ne8 Rh6 33. Be4 Nc6 34.
Nc7 Ne7 35. a4 Kg5 36. Kf2 Nf5 37. Bg2 Rh2 38. Kg1 g3 0-1

[Event "Ct. Catalunya eq DH"]
[Site "?"]
[Date "2013.02.16"]
[Round "5.6"]
[White "Casanellas Ruano, L."]
[Black "Ryan, J."]
[Result "0-1"]
[WhiteElo "2290"]
[BlackElo "2363"]
[PlyCount "94"]
[EventDate "2013.??.??"]
[EventType "tourn"]
[EventRounds "11"]

1. d4 d5 2. c4 e6 3. Nc3 Bb4 4. Nf3 Nf6 5. Bg5 Nbd7 6. e3 c5 7. cxd5 exd5 8.
Qc2 Qa5 9. Bd3 c4 10. Bf5 O-O 11. O-O Re8 12. a3 Bxc3 13. Qxc3 Qxc3 14. bxc3
Ne4 15. Bxe4 dxe4 16. Nd2 Nb6 17. Rab1 Bd7 18. Rfc1 Re6 19. Bf4 Rc8 20. Bg3 Bc6
21. Rb4 Bd5 22. Rcb1 Ree8 23. Bd6 Nd7 24. R4b2 Rc6 25. Bg3 Ra6 26. Ra2 Nb6 27.
Rc1 Na4 28. Rac2 Rb6 29. Rb1 Rxb1+ 30. Nxb1 Re6 31. Rc1 Rb6 32. h3 f6 33. Kh2
Rb2 34. Kg1 Kf7 35. Kf1 Ra2 36. Ke1 Nb2 37. Kf1 Nd3 38. Rd1 Bc6 39. Kg1 Ke6 40.
Rf1 f5 41. h4 g6 42. Kh2 h6 43. Kg1 g5 44. hxg5 hxg5 45. Rd1 f4 46. exf4 gxf4
47. Bh4 e3 0-1

[Event "Ct. Catalunya eq DH"]
[Site "?"]
[Date "2013.02.16"]
[Round "5.6"]
[White "Castellet Giralt, G."]
[Black "Hernando Rodrigo, JM."]
[Result "0-1"]
[WhiteElo "2285"]
[BlackElo "2393"]
[PlyCount "78"]
[EventDate "2013.??.??"]
[EventType "tourn"]
[EventRounds "11"]

1. d4 f5 2. c4 Nf6 3. g3 d6 4. Bg2 e5 5. dxe5 dxe5 6. Qxd8+ Kxd8 7. Nf3 Nc6 8.
O-O Bc5 9. Nc3 e4 10. Ng5 Ke7 11. h4 h6 12. Nh3 Be6 13. b3 Rad8 14. Na4 Bb4 15.
Bf4 Nd4 16. Bxc7 Nxe2+ 17. Kh1 Rd7 18. Be5 Ng4 19. Bxg7 Rg8 20. a3 Bd2 21. Bb2
e3 22. Nc5 exf2 23. Be5 f4 24. Ne4 Nxg3+ 25. Nxg3 fxg3 26. Bxg3 Ne3 27. Kh2
Nxg2 28. Nxf2 Ne3 29. Rg1 Ng4+ 30. Nxg4 Rxg4 31. Rg2 Rd3 32. Bf2 Rxg2+ 33. Kxg2
Be3 34. Be1 Rxb3 35. Bb4+ Kf6 36. Rf1+ Ke5 37. Re1 Kf4 38. Bd6+ Kg4 39. Be5
Rxa3 0-1

[Event "Ct. Catalunya eq DH"]
[Site "?"]
[Date "2013.02.16"]
[Round "5.6"]
[White "Pardo Simon, D."]
[Black "Maroto Borras, JL."]
[Result "1-0"]
[WhiteElo "2418"]
[BlackElo "2226"]
[PlyCount "75"]
[EventDate "2013.??.??"]
[EventType "tourn"]
[EventRounds "11"]

1. d4 e6 2. Nf3 Nf6 3. e3 b6 4. Bd3 Bb7 5. O-O Be7 6. c4 O-O 7. Nc3 d5 8. b3 c5
9. Bb2 cxd4 10. exd4 Nc6 11. Qe2 Rc8 12. Rfd1 Nb4 13. Bb1 dxc4 14. bxc4 Qc7 15.
a3 Qxc4 16. axb4 Bxb4 17. Bd3 Qb3 18. Nb5 a6 19. Na3 b5 20. Rdb1 Qd5 21. Nc2
Bd6 22. Ba3 Bxa3 23. Rxa3 Rfd8 24. Raa1 Qh5 25. Nce1 Nd5 26. Be4 b4 27. Ra5 Nf4
28. Qd2 Nd5 29. Bxd5 Rxd5 30. Qxb4 Rb5 31. Rxb5 axb5 32. Qe7 Bd5 33. Rc1 Ra8
34. Qd7 Bc4 35. Ne5 h6 36. Nxc4 bxc4 37. Qc6 Rd8 38. Qxc4 1-0

[Event "Ct. Catalunya eq DH"]
[Site "?"]
[Date "2013.02.16"]
[Round "5.6"]
[White "Perez Mañas, B."]
[Black "Jose Queralto, D."]
[Result "1-0"]
[WhiteElo "2381"]
[BlackElo "2287"]
[PlyCount "69"]
[EventDate "2013.??.??"]
[EventType "tourn"]
[EventRounds "11"]

1. e4 e5 2. Nf3 Nf6 3. Nc3 Nc6 4. d4 exd4 5. Nxd4 Bb4 6. Nxc6 bxc6 7. Bd3 O-O
8. O-O d5 9. exd5 cxd5 10. Bg5 c6 11. Qf3 Re8 12. a3 Bd6 13. Rae1 Be5 14. h3
Qd6 15. Re2 Bd7 16. Rfe1 Rab8 17. Bf5 h6 18. Bxd7 Nxd7 19. Bf4 Rxb2 $15 20. Qh5
g6 $6 (20... g5 $15) 21. Qxh6 Re6 22. Bxe5 (22. Qg5 Bxf4 23. Rxe6 Qxe6 24. Qd8+
Nf8 25. Rxe6 fxe6 $14) 22... Nxe5 $2 (22... Rxe5 23. Rxe5 Nxe5 $11) 23. Qg5 $16
f6 $2 24. Qg3 $18 d4 25. Ne4 Qe7 26. f4 d3 27. Nxf6+ Qxf6 28. Rxe5 d2 29. Rxe6
dxe1=Q+ 30. Rxe1 Qd4+ 31. Kh2 Qd6 32. Re5 Rb5 33. Qg5 Rb8 34. Qe7 Qxe7 35. Rxe7
1-0

[Event "Ct. Catalunya eq DH"]
[Site "?"]
[Date "2013.02.16"]
[Round "5.7"]
[White "Borras Duran, P."]
[Black "Lopez Agustench, E."]
[Result "1/2-1/2"]
[WhiteElo "2325"]
[BlackElo "2343"]
[PlyCount "126"]
[EventDate "2013.??.??"]
[EventType "tourn"]
[EventRounds "11"]

1. d4 d5 2. Bf4 Nf6 3. e3 c5 4. c3 Qb6 5. Qb3 Nc6 6. Nd2 Bf5 7. dxc5 Qxb3 8.
axb3 e5 9. Bg3 Bxc5 10. b4 Bd6 11. Ngf3 Nd7 12. Bb5 f6 13. Bxc6 bxc6 14. Nd4
exd4 15. Bxd6 dxe3 16. fxe3 Nb6 17. Kf2 Kd7 18. Bc5 Kc7 19. Nf3 Kb7 20. Nd4 Bd7
21. Ra2 Nc4 22. Rha1 a6 23. Nb3 Bc8 24. Bd4 Kc7 25. Nc5 Nd6 26. Nxa6+ Bxa6 27.
Rxa6 Rxa6 28. Rxa6 Nb5 29. b3 Rb8 30. Ke2 Rb7 31. Kd3 h6 32. Bc5 Kd7 33. c4 Nc7
34. Ra7 Rb8 35. cxd5 cxd5 36. e4 dxe4+ 37. Kxe4 Kc6 38. Kf5 Re8 39. Ra2 Re5+
40. Kg6 Rg5+ 41. Kf7 f5 42. Rd2 Nd5 43. Bf8 f4 44. Bxg7 h5 45. h4 Rf5+ 46. Ke6
Ne3 47. Bd4 Rf8 48. Bxe3 fxe3 49. Re2 Re8+ 50. Kf5 Kd5 51. g4 hxg4 52. Kxg4 Ke4
53. h5 Rg8+ 54. Kh4 Kf3 55. Re1 Kf2 56. Rc1 e2 57. h6 e1=Q 58. Rxe1 Kxe1 59.
Kh5 Kd2 60. h7 Rb8 61. Kg6 Kc3 62. b5 Kxb3 63. Kg7 Kb4 1/2-1/2

[Event "Ct. Catalunya eq DH"]
[Site "?"]
[Date "2013.02.16"]
[Round "5.7"]
[White "Colon Garcia, E."]
[Black "Vives Jaume, O."]
[Result "1-0"]
[WhiteElo "2381"]
[BlackElo "2226"]
[PlyCount "57"]
[EventDate "2013.??.??"]
[EventType "tourn"]
[EventRounds "11"]

1. e4 Nf6 2. e5 Nd5 3. d4 d6 4. Nf3 Bg4 5. Be2 e6 6. O-O Be7 7. c4 Nb6 8. exd6
cxd6 9. Nc3 O-O 10. Be3 Nc6 11. b3 Bf6 12. Rc1 d5 13. c5 Nc8 14. Ne1 Bxe2 15.
Nxe2 N8e7 16. g4 Ng6 17. f4 Re8 18. Nf3 Be7 19. Kh1 Nh4 20. Neg1 Nxf3 21. Nxf3
Bf8 22. a3 Qa5 23. Bd2 Qxa3 24. Ra1 Qb2 25. Be1 Nxd4 26. Nxd4 Bxc5 27. Nb5 Qf6
28. Nc7 Qg6 29. Nxa8 1-0

[Event "Ct. Catalunya eq DH"]
[Site "?"]
[Date "2013.02.16"]
[Round "5.7"]
[White "Draghici Flutor, G."]
[Black "Martin Gonzalez, A."]
[Result "0-1"]
[WhiteElo "2207"]
[BlackElo "2440"]
[PlyCount "42"]
[EventDate "2013.??.??"]
[EventType "tourn"]
[EventRounds "11"]

1. e4 c5 2. Nf3 d6 3. d4 cxd4 4. Qxd4 Nc6 5. Bb5 Bd7 6. Bxc6 Bxc6 7. Nc3 Nf6 8.
Bg5 e6 9. Qd3 Be7 10. Nd4 Qa5 11. Bd2 Qh5 12. f3 O-O 13. O-O-O d5 14. exd5 Bxd5
15. g4 Qe5 16. Rhe1 Qc7 17. Nxd5 Nxd5 18. Qe4 Rac8 19. Kb1 Bf6 20. Bc1 Qb6 21.
g5 Nc3+ 0-1

[Event "Ct. Catalunya eq DH"]
[Site "?"]
[Date "2013.02.16"]
[Round "5.7"]
[White "Espinoza Palomino, W."]
[Black "Castellano Egea, E."]
[Result "1-0"]
[WhiteElo "2290"]
[BlackElo "2296"]
[PlyCount "57"]
[EventDate "2013.??.??"]
[EventType "tourn"]
[EventRounds "11"]

1. e4 e6 2. d4 d5 3. Nc3 Nf6 4. Bg5 Be7 5. e5 Nfd7 6. Bxe7 Qxe7 7. f4 a6 8. Nf3
c5 9. Qd2 Nc6 10. dxc5 Qxc5 11. O-O-O b5 12. Ne2 b4 13. Ned4 a5 14. Nxc6 Qxc6
15. f5 Ba6 16. Nd4 Qb6 17. Qg5 g6 18. fxe6 fxe6 19. h4 Nc5 20. Bxa6 Rxa6 21. h5
Ne4 22. Qh6 Qc7 23. hxg6 Qxe5 24. gxh7 Qg5+ 25. Kb1 Qxh6 26. Rxh6 Kf7 27. Rdh1
Ng5 28. R1h5 Kg7 29. Nf5+ 1-0

[Event "Ct. Catalunya eq DH"]
[Site "?"]
[Date "2013.02.16"]
[Round "5.7"]
[White "Garcia Paolicchi, R."]
[Black "Garcia Jimenez, FJ."]
[Result "0-1"]
[WhiteElo "2271"]
[BlackElo "2342"]
[PlyCount "102"]
[EventDate "2013.??.??"]
[EventType "tourn"]
[EventRounds "11"]

1. d4 Nf6 2. Nf3 b6 3. e3 Bb7 4. Bd3 e6 5. O-O Be7 6. b3 O-O 7. Bb2 Ne4 8. Nfd2
d5 9. f3 Nd6 10. c4 c5 11. Qc2 $6 h6 (11... cxd4 $15) 12. dxc5 bxc5 13. cxd5
exd5 14. Nc3 Nd7 15. e4 d4 16. Na4 Rc8 17. f4 Nb6 18. e5 Ne8 19. Nxb6 axb6 20.
Ne4 Nc7 21. Qe2 Nd5 22. Bc1 $2 (22. Ng3 $15) 22... Nb4 23. Bd2 Nxd3 24. Qxd3
$17 Qd5 25. Rfe1 Rfe8 26. Qg3 Kh8 27. f5 Bf8 28. Bf4 f6 29. Nd6 (29. Nd2) 29...
Bxd6 30. exd6 Qxf5 $19 31. Re7 Rxe7 32. dxe7 Re8 33. Bd6 Be4 34. Rd1 Qd5 35.
Rd2 b5 36. Qf4 c4 37. bxc4 bxc4 38. Bb4 Bd3 39. a3 Kh7 40. h3 Qe5 41. Qxe5 fxe5
42. Bc5 c3 43. Rd1 Be2 44. Ra1 Bc4 45. Kf2 Kg6 46. Bd6 Kf5 47. Bc5 Ke4 48. Bb4
Kd3 49. a4 Kc2 50. Ra3 Bb3 51. a5 d3 0-1

[Event "Ct. Catalunya eq DH"]
[Site "?"]
[Date "2013.02.16"]
[Round "5.7"]
[White "Garrido Fernandez, D."]
[Black "Serra Pages, J."]
[Result "1/2-1/2"]
[WhiteElo "2370"]
[BlackElo "2284"]
[PlyCount "41"]
[EventDate "2013.??.??"]
[EventType "tourn"]
[EventRounds "11"]

1. e4 e5 2. Nc3 Nf6 3. Nf3 Nc6 4. d4 exd4 5. Nxd4 Bb4 6. Nxc6 bxc6 7. Bd3 O-O
8. O-O d5 9. exd5 cxd5 10. Bg5 c6 11. Qf3 Re8 12. h3 Be6 13. Ne2 Rb8 14. Nd4
Rb6 15. Nf5 Bf8 16. Rfe1 g6 17. Nh6+ Kg7 18. Ng4 Be7 19. Bh6+ Kg8 20. Ne5 Nd7
21. Nxd7 1/2-1/2

[Event "Ct. Catalunya eq DH"]
[Site "?"]
[Date "2013.02.16"]
[Round "5.8"]
[White "Bautista Sanchez, J."]
[Black "Gomez Jurado, LA."]
[Result "1-0"]
[WhiteElo "2294"]
[BlackElo "2322"]
[PlyCount "82"]
[EventDate "2013.??.??"]
[EventType "tourn"]
[EventRounds "11"]

1. Nf3 Nf6 2. c4 g6 3. Nc3 Bg7 4. g3 O-O 5. Bg2 d6 6. O-O c6 7. d3 e5 8. Rb1
Re8 9. Bg5 h6 10. Bxf6 Bxf6 11. e4 Bg7 12. d4 exd4 13. Nxd4 Nd7 14. Nde2 Ne5
15. b3 a6 16. h3 Qe7 17. f4 Nd7 18. Qd2 b5 19. Rbd1 bxc4 20. Qxd6 cxb3 21. e5
Qxd6 22. Rxd6 bxa2 23. Bxc6 Ra7 24. Nxa2 Bf8 25. Rd3 Re6 26. Rc1 Rc7 27. Nd4
Bc5 28. Bxd7 Bxd7 29. Kh2 Re8 30. Nb3 Rec8 31. Rxc5 Rxc5 32. Nxc5 Rxc5 33. Nb4
Bc8 34. Nd5 Be6 35. Nf6+ Kg7 36. Rd6 a5 37. Ra6 Rc2+ 38. Kh1 Bxh3 39. Rxa5 h5
40. Rb5 Bg2+ 41. Kg1 Bh3 $138 1-0